[Event "XLIV Capablanca Memorial Open"]
[Site "Havana CUB"]
[Date "2009.06.10"]
[Round "3"]
[White "Ramon Pita,V"]
[Black "Hernandez,Z"]
[Result "1-0"]
[WhiteElo "2233"]
[BlackElo "2043"]
[EventDate "2009.06.08"]

1. d4 d5 2. c4 c6 3. Nf3 Nf6 4. Nc3 a6 5. c5 Bf5 6. Bf4 Nbd7 7. e3 e6 8.
Nd2 Be7 9. Be2 h6 10. b4 Qc8 11. Bg3 O-O 12. O-O Re8 13. a4 a5 14. b5 e5
15. Nb3 exd4 16. exd4 Ne4 17. Nxe4 Bxe4 18. b6 Bf5 19. Qd2 Bf6 20. Rfe1 Nf8
21. Bf1 Ne6 22. Be5 Bxe5 23. Rxe5 Be4 24. f3 Bg6 25. Ree1 f6 26. Qc3 Rf8
27. Rad1 Rf7 28. Re3 Nf4 29. Rde1 Qf5 30. g3 Nh3+ 31. Bxh3 Qxh3 32. Re8+
Rxe8 33. Rxe8+ Kh7 34. Nxa5 Qf5 35. Nb3 Qb1+ 36. Re1 Qa2 37. a5 Bf5 38. Nd2
Qa4 39. Kf2 Qb5 40. g4 Bg6 41. h4 h5 42. gxh5 Bxh5 43. Nf1 Bg6 44. Ng3 1-0

[Event "XLIV Capablanca Memorial Open"]
[Site "Havana CUB"]
[Date "2009.06.10"]
[Round "3"]
[White "Perez Garcia,Rodn"]
[Black "Valdes,A"]
[Result "1-0"]
[WhiteElo "2436"]
[BlackElo "2233"]
[EventDate "2009.06.08"]

1. d4 Nf6 2. Nf3 e6 3. g3 c5 4. Bg2 Nc6 5. O-O cxd4 6. Nxd4 Bc5 7. Nb3 Be7
8. c4 d6 9. Nc3 O-O 10. Bf4 a6 11. Rc1 h6 12. h3 Nh5 13. Bd2 Ne5 14. e3 Nf6
15. Qe2 Qc7 16. Nd4 Bd7 17. b3 Rac8 18. Kh2 Qb8 19. e4 Nc6 20. Nxc6 Bxc6
21. Bf4 Nd7 22. Nd5 Bxd5 23. cxd5 e5 24. Rxc8 Rxc8 25. Bxh6 gxh6 26. Qg4+
Kf8 27. Qxd7 Bf6 28. Qf5 Bg7 29. Bf3 Rc7 30. Bh5 Qc8 31. Qf3 Qd8 32. Rc1
Kg8 33. Rc4 Qe7 34. Rxc7 Qxc7 35. Qf5 a5 36. a3 Kf8 37. Kg2 Kg8 38. b4 axb4
39. axb4 Kf8 40. h4 Kg8 41. g4 Qe7 42. g5 hxg5 43. hxg5 Bf8 44. Be2 Qc7 45.
Bb5 Be7 46. Be8 Bd8 47. g6 fxg6 48. Bxg6 Qe7 49. Kf1 Kg7 50. Bh5 Qf6 51.
Qd7+ Qe7 52. Qc8 Kh6 53. Bg4 Kg7 54. Bd7 Qh4 55. Bf5 Qe7 56. Ke2 Bb6 57.
Be6 Bd8 58. Bd7 Qh4 59. Bf5 Qe7 60. Kd3 b6 61. Kc4 Kf7 62. Kb5 Ke8 63. Kc6
Kf8 64. Qd7 Qxd7+ 65. Kxd7 Bh4 66. Kxd6 Bxf2 67. Kc7 Be1 68. b5 1-0

[Event "XLIV Capablanca Memorial Open"]
[Site "Havana CUB"]
[Date "2009.06.10"]
[Round "3"]
[White "Quinones Centeno,Carlos"]
[Black "Marrero Lopez,Yan"]
[Result "0-1"]
[WhiteElo "2166"]
[BlackElo "2224"]
[EventDate "2009.06.08"]

1. e4 e5 2. Nf3 Nc6 3. Bb5 a6 4. Ba4 Nf6 5. O-O b5 6. Bb3 Be7 7. Re1 d6 8.
c3 O-O 9. h3 Na5 10. Bc2 c5 11. d4 Nd7 12. Nbd2 exd4 13. cxd4 Nc6 14. a4
Rb8 15. axb5 axb5 16. Nf1 Bf6 17. dxc5 dxc5 18. Ne3 Nb4 19. Ng4 Be7 20. Bb1
Nf6 21. Nxf6+ Bxf6 22. e5 Qxd1 23. Rxd1 Rd8 24. Rxd8+ Bxd8 25. Ng5 Bxg5 26.
Bxg5 Nc6 27. Be3 Nd4 28. Ra7 Bb7 29. b4 Nc6 30. Ra2 Nxb4 31. Ra5 Bd5 32.
Bxc5 Nc6 33. Ra1 Nxe5 34. Bd6 Re8 35. f3 f6 36. Kf2 Bc4 37. Be4 Nd3+ 38.
Bxd3 Bxd3 39. Re1 Ra8 40. Ke3 Bc4 41. g3 Rd8 42. Bc5 Rd3+ 43. Ke4 Kf7 44.
g4 Rd5 45. Bb4 g5 46. h4 Re5+ 47. Kd4 gxh4 48. Rh1 Bd5 49. Rxh4 Bxf3 50.
Rxh7+ Kg6 51. Rh4 Rg5 52. Ke3 Rxg4 53. Rxg4+ Bxg4 54. Kf4 Be2 55. Ke3 Bc4
56. Kf4 Kf7 57. Bd2 Ke6 58. Ke4 f5+ 59. Kd4 Kf6 60. Bf4 Bf1 61. Bd2 Kg6 62.
Ke5 Be2 63. Kd4 Kh5 64. Ke3 Bg4 65. Kf4 Kh4 66. Bc3 Kh3 67. Bb4 Kg2 68. Ke3
Bd1 69. Bd6 Bc2 70. Kd2 Bb1 71. Ke3 Be4 72. Bb4 Kg3 73. Bd6+ Kg4 74. Bb4
Bc6 75. Bd6 Be8 0-1

[Event "XLIV Capablanca Memorial Open"]
[Site "Havana CUB"]
[Date "2009.06.11"]
[Round "4"]
[White "Jimenez,P"]
[Black "Vera Gonzalez Quevedo,R"]
[Result "1/2-1/2"]
[WhiteElo "2383"]
[BlackElo "2475"]
[EventDate "2009.06.08"]

1. e4 c5 2. Nf3 d6 3. d4 Nf6 4. Nc3 cxd4 5. Nxd4 a6 6. Be2 e6 7. O-O Be7 8.
f4 O-O 9. a4 Nc6 10. Be3 Bd7 11. Nb3 Na5 12. e5 Ne8 13. Qe1 Nxb3 14. cxb3
Bc6 15. Rd1 Qb8 16. Bd4 b5 17. Bf3 Qb7 18. Ne4 Rd8 19. Kh1 dxe5 20. fxe5
Kh8 21. axb5 Qxb5 22. Qe3 Bxe4 23. Bxe4 Nc7 24. Rd3 Nd5 25. Qh3 h6 26. Rdd1
Bc5 27. Bd3 Qb6 28. Bxc5 Qxc5 29. Rde1 Kg8 30. Bxa6 Qd4 31. Bc4 Qxb2 32.
Rf3 Nb6 33. Bd3 Rd5 34. Qg3 Nd7 35. Rfe3 Rc8 36. Bc4 Ra5 37. Qf4 Ra1 38. h3
Rc5 39. Kh2 Rxe1 40. Rxe1 Nxe5 41. Qe3 Ra5 42. Re2 Nxc4 43. bxc4 Qb8+ 44.
Kg1 Qb4 45. Rc2 Ra3 46. Qf2 Ra1+ 47. Kh2 Qb8+ 48. g3 Qa8 49. Qg2 Kf8 50. c5
Qxg2+ 51. Kxg2 Ke7 52. Rb2 Ra7 53. Kf3 Kd7 54. Rb6 Rc7 55. Rb5 Kc6 56. Ra5
Kd5 57. Kf4 f6 58. Kg4 g6 59. h4 Rxc5 60. Ra8 h5+ 61. Kh3 Ke5 62. Ra1 f5
63. Ra6 Rc2 64. Ra5+ Kf6 65. Ra6 Re2 66. Ra8 e5 67. Ra6+ Kg7 68. Ra7+ Kh6
69. Ra6 Kg7 70. Ra7+ Kh6 71. Ra6 Re3 72. Kg2 f4 73. gxf4 exf4 74. Rf6 Rg3+
75. Kh2 Rg4 76. Kh3 Kg7 77. Rb6 Rg1 78. Kh2 Rg3 79. Ra6 g5 80. hxg5 Rxg5
81. Kh3 Rg6 82. Ra4 Rf6 83. Kg2 Kg6 84. Kf3 Kg5 85. Ra8 Kh4 86. Ra4 Kg5 87.
Ra8 Rb6 88. Rg8+ Kh4 89. Kxf4 Rf6+ 90. Ke3 Kh3 91. Ke2 h4 92. Rg7 Kh2 93.
Rg8 h3 94. Rg4 Ra6 95. Kf1 Ra1+ 96. Kf2 Ra2+ 97. Kf1 Rb2 98. Rg8 Rg2 99.
Rf8 Kg3 100. Rg8+ 1/2-1/2

[Event "XLIV Capablanca Memorial Open"]
[Site "Havana CUB"]
[Date "2009.06.11"]
[Round "4"]
[White "Valdes,A"]
[Black "Gutierrez,L"]
[Result "1-0"]
[WhiteElo "2233"]
[BlackElo "1899"]
[EventDate "2009.06.08"]

1. e4 c5 2. Nf3 d6 3. d4 cxd4 4. Nxd4 Nf6 5. Nc3 a6 6. Be3 e6 7. f3 b5 8.
Qd2 Bb7 9. g4 Nfd7 10. O-O-O Nb6 11. Qf2 N8d7 12. Bd3 Rc8 13. Nce2 d5 14.
e5 Nc4 15. f4 Qa5 16. Kb1 Qb4 17. Bc1 Bc5 18. Qe1 Qa4 19. Nb3 b4 20. Ned4
Ndb6 21. f5 Qd7 22. fxe6 fxe6 23. Nxc5 Rxc5 24. Qxb4 a5 25. Qxc5 Na4 26.
Qb5 Na3+ 27. bxa3 Nc3+ 28. Ka1 1-0

[Event "XLIV Capablanca Memorial Open"]
[Site "Havana CUB"]
[Date "2009.06.11"]
[Round "4"]
[White "Rasmussen,Kar"]
[Black "Delgado,H"]
[Result "1/2-1/2"]
[WhiteElo "2447"]
[BlackElo "2385"]
[EventDate "2009.06.08"]

1. d4 d5 2. c4 c6 3. Nf3 Nf6 4. e3 Bg4 5. Qb3 Qb6 6. Nc3 e6 7. Nh4 Be7 8.
h3 Bh5 9. g4 Bg6 10. Nxg6 hxg6 11. Bg2 g5 12. Bd2 Nbd7 13. O-O-O Qxb3 14.
axb3 O-O-O 15. Kc2 Nf8 16. Rhe1 Ng6 17. Bc1 Nh4 18. Bh1 Ng6 19. Bg2 Nh4 20.
Bh1 1/2-1/2

[Event "XLIV Capablanca Memorial Open"]
[Site "Havana CUB"]
[Date "2009.06.11"]
[Round "4"]
[White "Vigoa Apecheche,Yan"]
[Black "Arencibia Rodriguez,W"]
[Result "0-1"]
[WhiteElo "2244"]
[BlackElo "2519"]
[EventDate "2009.06.08"]

1. d4 Nf6 2. Nf3 g6 3. c4 Bg7 4. Nc3 d5 5. Bg5 Ne4 6. Bf4 Nxc3 7. bxc3 dxc4
8. Qa4+ Nd7 9. e4 O-O 10. Qxc4 c5 11. Be2 cxd4 12. cxd4 e5 13. Bg5 Bf6 14.
Bxf6 Qa5+ 15. Kf1 Nxf6 16. dxe5 Be6 17. Qc2 Rac8 18. Qd2 Qxd2 19. Nxd2 Rfd8
20. exf6 Rxd2 21. Ke1 Rcc2 22. Bd1 Rxa2 23. Rc1 Rxf2 24. Bf3 h5 25. Rb1 b5
26. Rf1 Rxf1+ 27. Kxf1 a5 28. Ke1 b4 0-1

[Event "XLIV Capablanca Memorial Open"]
[Site "Havana CUB"]
[Date "2009.06.11"]
[Round "4"]
[White "Ordunez,E"]
[Black "Garcia,Ser"]
[Result "1-0"]
[WhiteElo "2270"]
[BlackElo "2190"]
[EventDate "2009.06.08"]

1. e4 c5 2. Nf3 e6 3. Qe2 b6 4. g3 Bb7 5. Bg2 d6 6. O-O Nd7 7. d4 cxd4 8.
Nxd4 Ngf6 9. Rd1 e5 10. Nf5 Qc7 11. Nc3 a6 12. Qd3 b5 13. a3 Nc5 14. Nxd6+
Bxd6 15. Qxd6 Qxd6 16. Rxd6 Nfxe4 17. Nxe4 Nxe4 18. Rb6 Bd5 19. a4 O-O 20.
axb5 axb5 21. Rxa8 Rxa8 22. Rxb5 Bc6 23. Rb6 f5 24. Rxc6 Ra1 25. Bxe4 Rxc1+
26. Kg2 fxe4 27. b4 Rb1 28. Rc4 Rb2 29. Kf1 Kf7 30. Ke2 Ke6 31. Ke3 Kd5 32.
Rc5+ Kd6 33. c3 Rc2 34. c4 Rb2 35. Rd5+ Ke6 36. b5 h5 37. Kxe4 Re2+ 38. Kf3
Rc2 39. b6 Rxc4 40. Rb5 Rc8 41. b7 Rb8 42. Ke4 Kd6 43. h4 g6 44. Rb6+ Kc5
45. Rxg6 Rxb7 46. Kxe5 Re7+ 47. Kf5 1-0

[Event "XLIV Capablanca Memorial Open"]
[Site "Havana CUB"]
[Date "2009.06.11"]
[Round "4"]
[White "Gallego Alcaraz,A"]
[Black "Margolin,B"]
[Result "1-0"]
[WhiteElo "2373"]
[BlackElo "2436"]
[EventDate "2009.06.08"]

1. e4 e5 2. Nf3 Nc6 3. Bb5 Nf6 4. O-O Nxe4 5. d4 Nd6 6. Bxc6 dxc6 7. dxe5
Nf5 8. Qxd8+ Kxd8 9. Nc3 h6 10. h3 Ne7 11. b3 Ng6 12. Bb2 Bd7 13. Ne2 Kc8
14. Nd2 h5 15. Ne4 Rg8 16. f4 Nh4 17. N2g3 Bf5 18. Rae1 g6 19. Kh2 Bb4 20.
Re2 Be6 21. Nf6 Rd8 22. Nge4 Be7 23. g4 hxg4 24. hxg4 Bxf6 25. Nxf6 b5 26.
Kg3 g5 27. fxg5 Bd5 28. Bc1 1-0

[Event "XLIV Capablanca Memorial Open"]
[Site "Havana CUB"]
[Date "2009.06.11"]
[Round "4"]
[White "Marrero Lopez,Yan"]
[Black "Fernandez Garcia,JoseL1"]
[Result "1/2-1/2"]
[WhiteElo "2224"]
[BlackElo "2457"]
[EventDate "2009.06.08"]

1. e4 Nf6 2. e5 Nd5 3. d4 d6 4. Nf3 Bg4 5. Be2 c6 6. O-O Bxf3 7. Bxf3 dxe5
8. dxe5 e6 9. a4 Nd7 10. Re1 Qc7 11. Qe2 g6 12. Nd2 Bg7 13. Nc4 O-O 14. g3
b5 15. axb5 cxb5 16. Ne3 Nxe5 17. Nxd5 Nxf3+ 18. Qxf3 exd5 19. Qxd5 Qxc2
20. Qxb5 Rfb8 21. Qe2 Qc6 22. Ra6 Qb7 23. Bf4 Rd8 24. Bg5 Rd7 25. Qe4 Qxe4
26. Rxe4 Bxb2 27. Be3 1/2-1/2

[Event "XLIV Capablanca Memorial Open"]
[Site "Havana CUB"]
[Date "2009.06.11"]
[Round "4"]
[White "Guerrero,JuC"]
[Black "Soto,O"]
[Result "1-0"]
[WhiteElo "2202"]
[BlackElo "2293"]
[EventDate "2009.06.08"]

1. e4 c5 2. Nf3 e6 3. d4 cxd4 4. Nxd4 a6 5. Bd3 Bc5 6. Nb3 Ba7 7. Qg4 Nf6
8. Qg3 d6 9. Nc3 Nc6 10. O-O O-O 11. Bg5 Ne5 12. Rad1 Kh8 13. Be2 Qe7 14.
Kh1 Bb8 15. f4 Ng6 16. f5 Ne5 17. Rf4 Re8 18. Rh4 Ned7 19. Nd4 Qf8 20. Qh3
Qg8 21. fxe6 fxe6 22. Rf1 Ba7 23. e5 Bxd4 24. Rxd4 dxe5 25. Rh4 Rf8 26. Bd3
g6 27. Bh6 Re8 28. Ne4 Nxe4 29. Bxe4 Re7 30. Qf3 Rb8 31. h3 Qe8 32. Qg3 Rf7
33. Rxf7 Qxf7 34. Bd2 Kg8 35. Bc3 a5 36. Bxe5 Nxe5 37. Qxe5 Ra8 38. Bxg6
Qf1+ 39. Kh2 hxg6 40. Qh8+ 1-0

[Event "XLIV Capablanca Memorial Open"]
[Site "Havana CUB"]
[Date "2009.06.11"]
[Round "4"]
[White "Carvajal,N"]
[Black "Lorenzana,W"]
[Result "1/2-1/2"]
[WhiteElo "2330"]
[BlackElo "2215"]
[EventDate "2009.06.08"]

1. e4 c5 2. Nf3 e6 3. d4 cxd4 4. Nxd4 a6 5. Bd3 g6 6. c4 Bg7 7. Be3 Ne7 8.
Nc3 O-O 9. O-O b6 10. Nc2 Nbc6 11. Qd2 f5 12. Rfd1 Qc7 13. f3 f4 14. Bf2 g5
15. Rac1 Ne5 16. Nd4 Rf7 17. Be2 N7g6 18. Na4 Rb8 19. c5 b5 20. Nb6 Bb7 21.
b4 Nc6 22. a4 bxa4 23. Nxa4 h5 24. Nxc6 Qxc6 25. Nb6 Ne5 26. Qd6 Rd8 27.
Nc4 Nxc4 28. Bxc4 Rc8 29. Qxc6 Rxc6 30. Rd3 Be5 31. Rc2 Kg7 32. Ra2 Kf6 33.
Rda3 d6 34. Bxa6 Bxa6 35. Rxa6 Rxa6 36. Rxa6 dxc5 37. bxc5 Rd7 1/2-1/2

[Event "XLIV Capablanca Memorial Open"]
[Site "Havana CUB"]
[Date "2009.06.11"]
[Round "4"]
[White "Pecorelli Garcia,H"]
[Black "Cori T.,D"]
[Result "1/2-1/2"]
[WhiteElo "2399"]
[BlackElo "2262"]
[EventDate "2009.06.08"]

1. d4 Nf6 2. c4 e6 3. g3 d5 4. Nf3 dxc4 5. Qa4+ Nbd7 6. Bg2 a6 7. Qxc4 b5
8. Qc6 Ra7 9. Bg5 Bb4+ 10. Nbd2 Bb7 11. Qc2 h6 12. Bxf6 Nxf6 13. O-O O-O
14. Rfd1 Qa8 15. Nb3 Rd8 16. a3 Be7 17. Ne1 a5 18. Bxb7 Qxb7 19. Nd3 Qe4
20. a4 Rd5 21. Rdc1 Bd6 22. e3 Rh5 23. Ne5 Bxe5 24. Qxe4 Nxe4 25. dxe5 Rxe5
26. Nd4 Rc5 27. axb5 Rxc1+ 28. Rxc1 e5 29. Nc6 Rb7 30. Nxe5 Rxb5 31. Nd3
Rd5 32. Ne1 Rb5 33. f3 Nc5 34. Kf1 Na4 35. Nd3 Rb3 36. Ke2 Nxb2 37. Nc5 Rb6
38. Nd7 Rb7 39. Nc5 Rb6 40. Nd7 Rb7 41. Nc5 Rb5 42. Nd7 a4 43. Rxc7 Ra5 44.
Rc8+ Kh7 45. Nf8+ Kg8 46. Ng6+ Kh7 47. Nf8+ 1/2-1/2

[Event "XLIV Capablanca Memorial Open"]
[Site "Havana CUB"]
[Date "2009.06.11"]
[Round "4"]
[White "Miranda Mesa,E"]
[Black "Quesada Perez,Y"]
[Result "1/2-1/2"]
[WhiteElo "2321"]
[BlackElo "2402"]
[EventDate "2009.06.08"]

1. e4 c5 2. Nf3 d6 3. d4 cxd4 4. Nxd4 Nf6 5. Nc3 a6 6. h3 e6 7. g4 Be7 8.
Bg2 Nfd7 9. O-O Nc6 10. Be3 O-O 11. f4 Nxd4 12. Bxd4 b5 13. e5 d5 14. Qd2
b4 15. Ne2 Qc7 16. Rae1 Bb7 17. Ng3 Rac8 18. Rf2 Bh4 19. Kh2 a5 20. g5 Nc5
21. Rd1 Rfd8 22. Re2 Bxg3+ 23. Kxg3 Qc6 24. Qe3 Qb5 25. h4 Ne4+ 26. Bxe4
dxe4 27. Rdd2 Rd7 28. Rf2 Rcd8 29. h5 Qc6 30. h6 g6 31. Rfe2 Qb5 32. Rf2
Bd5 33. b3 Bb7 34. Bb2 Rd5 35. Rd4 Rxd4 36. Bxd4 Rc8 37. Qe2 Qd5 38. Qe3
Qb5 39. Qe2 Qd5 1/2-1/2

[Event "XLIV Capablanca Memorial Open"]
[Site "Havana CUB"]
[Date "2009.06.11"]
[Round "4"]
[White "Herrera Sosa,J"]
[Black "Ramon Pita,V"]
[Result "0-1"]
[WhiteElo "1927"]
[BlackElo "2233"]
[EventDate "2009.06.08"]

1. e4 c6 2. d4 g6 3. Nc3 d5 4. e5 h5 5. Nge2 Nh6 6. f4 a5 7. h3 Nf5 8. Rg1
h4 9. g4 hxg3 10. Nxg3 Na6 11. a3 Nxg3 12. Rxg3 Bf5 13. Be3 e6 14. Qd2 Be7
15. O-O-O b5 16. Ne2 a4 17. c3 Kd7 18. Ng1 Bh4 19. Rg2 Nc7 20. Bf2 Be7 21.
Rh2 Ra7 22. Ne2 Rb7 23. Ng3 Rb8 24. Nxf5 exf5 25. Bd3 Ne6 26. Kb1 Qf8 27.
Ka2 Bh4 28. Qe3 Bxf2 29. Rxf2 Rh4 30. Bf1 Qh6 31. Bg2 Rxf4 32. Rdf1 Rh4 33.
Qxh6 Rxh6 34. b3 axb3+ 35. Kxb3 Ng5 36. Rh1 Rbh8 37. Bf1 Ne4 38. Rg2 Rxh3
39. Rxh3 Rxh3 40. Rc2 Rf3 0-1

[Event "XLIV Capablanca Memorial Open"]
[Site "Havana CUB"]
[Date "2009.06.11"]
[Round "4"]
[White "Quinones Centeno,Carlos"]
[Black "Lucena,L"]
[Result "1-0"]
[WhiteElo "2166"]
[BlackElo "2206"]
[EventDate "2009.06.08"]

1. e4 c5 2. Nf3 d6 3. d4 cxd4 4. Nxd4 Nf6 5. Nc3 Nc6 6. Bc4 e6 7. Bb3 Be7
8. Be3 O-O 9. Qe2 a6 10. O-O-O Qc7 11. g4 Na5 12. Rhg1 Nd7 13. g5 b5 14.
Nf5 Nxb3+ 15. axb3 Nc5 16. Nxg7 Kxg7 17. Bd4+ e5 18. Bxc5 Be6 19. Be3 Rfc8
20. Kb1 b4 21. Na4 Rab8 22. f3 Qa5 23. Qf2 Rc6 24. h4 Bc4 25. f4 exf4 26.
Bxf4 Rbc8 27. Bxd6 Rxd6 28. Rxd6 Qe5 29. Rdd1 Be6 30. Rge1 a5 31. Nb6 Bc5
32. Qf6+ Qxf6 33. gxf6+ Kxf6 34. Nxc8 Bxc8 35. Rd5 Be7 36. Rxa5 Bg4 37. Rg5
h5 38. Rg1 1-0

[Event "XLIV Capablanca Memorial Open"]
[Site "Havana CUB"]
[Date "2009.06.11"]
[Round "4"]
[White "Espinosa Garcia,S"]
[Black "Otazo,A"]
[Result "1-0"]
[WhiteElo "2122"]
[BlackElo "1953"]
[EventDate "2009.06.08"]

1. Nf3 Nf6 2. g3 e6 3. Bg2 d5 4. d3 b6 5. O-O Bb7 6. Nfd2 Be7 7. e4 dxe4 8.
dxe4 e5 9. Nc3 O-O 10. Qf3 c5 11. Nd5 Nc6 12. c3 Na5 13. Re1 Qd6 14. Nxf6+
Bxf6 15. Nf1 g6 16. Ne3 Bg7 17. Rd1 Qe6 18. g4 Rad8 19. Nd5 Kh8 20. Bg5 f6
21. Bh4 Rd7 22. Ne3 Rdf7 23. Bh3 Qc6 24. Nd5 c4 25. Qe3 Bc8 26. Nb4 Qe6 27.
f3 Nb7 28. Qe2 Nc5 29. Bf2 Na6 30. Nd5 Qc6 31. Ne3 Be6 32. Bf1 b5 33. a4 b4
34. cxb4 Nxb4 35. Nxc4 Rc7 36. b3 Rfc8 37. Rd6 Qe8 38. Qd2 Bf8 39. Qxb4
Bxc4 40. Bxc4 Qe7 41. Rad1 Rd8 42. Bc5 Rxc5 43. Rxd8 1-0

[Event "XLIV Capablanca Memorial Open"]
[Site "Havana CUB"]
[Date "2009.06.11"]
[Round "4"]
[White "Abreu Delgado,A"]
[Black "Pina Vega,S"]
[Result "1/2-1/2"]
[WhiteElo "2487"]
[BlackElo "2270"]
[EventDate "2009.06.08"]

1. e4 c5 2. Nf3 d6 3. d4 cxd4 4. Nxd4 Nf6 5. Nc3 Nc6 6. h3 e5 7. Nf3 h6 8.
Bc4 Be7 9. a3 O-O 10. O-O Be6 11. Ba2 Rc8 12. Qd3 Na5 13. Rd1 a6 14. Nh4
Nc4 15. Nf5 Bxf5 16. Bxc4 Be6 17. Ba2 Qd7 18. Be3 Qc6 19. f3 b5 20. Rac1
Bc4 21. Bxc4 bxc4 22. Nd5 Nxd5 23. Qxd5 Qxd5 24. Rxd5 Rc6 25. Rb1 f5 26.
exf5 Rxf5 27. Bd2 Kf7 28. Bb4 Ke6 29. Rbd1 Rb6 30. c3 Rf8 31. Kf2 Ra8 32.
a4 Rab8 33. R1d2 Rxb4 34. cxb4 Rxb4 35. a5 Rb3 36. Ke2 c3 37. R5d3 Rb5 38.
bxc3 Rxa5 39. c4 Ra1 40. Rb3 Rc1 41. Ra3 Bg5 42. Rb2 Rxc4 43. Rxa6 e4 44.
fxe4 Rxe4+ 45. Kd3 Re3+ 46. Kd4 Re1 47. Rc2 Bf6+ 48. Kd3 Be5 49. Re2
1/2-1/2

[Event "XLIV Capablanca Memorial Open"]
[Site "Havana CUB"]
[Date "2009.06.11"]
[Round "4"]
[White "Hernandez Moya,Y"]
[Black "Morales,P"]
[Result "0-1"]
[WhiteElo "2104"]
[BlackElo "2410"]
[EventDate "2009.06.08"]

1. e4 c5 2. Nc3 Nc6 3. g3 g6 4. Bg2 Bg7 5. d3 d6 6. f4 e5 7. Be3 h5 8. Nf3
h4 9. Nxh4 exf4 10. Bf2 Nd4 11. Nd5 Nf6 12. Nxf6+ Qxf6 13. c3 Nc6 14. Nf3
Bg4 15. gxf4 Qxf4 16. Bg3 Qf6 17. Rf1 Qe7 18. Qb3 Bh6 19. Bh4 g5 20. Bg3 f5
21. Nd2 f4 22. Bf2 Ne5 23. Qc2 Bg7 24. Bg1 d5 25. d4 cxd4 26. cxd4 Nc6 27.
e5 Nb4 28. Qg6+ Kd8 29. a3 Qe6 30. Qb1 Bf5 31. Ne4 dxe4 32. axb4 f3 33. Bh1
Qc4 34. Qd1 Bh3 35. Rf2 Bf8 36. Rc2 Qf1+ 37. Kd2 Qd3+ 38. Kc1 Bf5 39. Rc3
Qxd1+ 40. Kxd1 f2 41. Bxf2 Rxh2 42. Ke2 Bxb4 43. Rb3 Rc8 44. Bxe4 Bxe4 45.
Rxb4 Rc2+ 46. Ke3 Bf5 47. Bg3 Rhe2+ 48. Kf3 Red2 49. Ra3 a6 50. Rc3 Rxc3+
51. bxc3 Rd3+ 52. Kf2 Be4 53. d5 Bxd5 54. Rd4 Rxd4 55. cxd4 b5 56. Ke3 Kd7
57. Be1 Ke6 58. Kd3 Kf5 59. Ke3 Bc6 60. Bd2 Ke6 61. Kd3 g4 62. Kc3 a5 63.
Kb3 g3 64. Bxa5 Bd5+ 0-1

[Event "XLIV Capablanca Memorial Open"]
[Site "Havana CUB"]
[Date "2009.06.11"]
[Round "4"]
[White "Guerra Mojena,L"]
[Black "Catala,I"]
[Result "1-0"]
[WhiteElo "2252"]
[BlackElo "2173"]
[EventDate "2009.06.08"]

1. e4 c5 2. Nf3 e6 3. d4 cxd4 4. Nxd4 Nf6 5. Bd3 Nc6 6. Nxc6 bxc6 7. O-O d5
8. Nd2 Be7 9. c4 O-O 10. Qe2 Qc7 11. b3 dxe4 12. Nxe4 Nxe4 13. Bxe4 f5 14.
Bc2 Bf6 15. Rb1 e5 16. f3 Be6 17. Bb2 Rae8 18. Rfe1 Bc8 19. Rbd1 Qa5 20. a4
g6 21. Qe3 f4 22. Qd2 Qb6+ 23. Qf2 Qxf2+ 24. Kxf2 e4 25. Bxf6 e3+ 26. Ke2
Rxf6 27. Rd4 Kf7 28. Red1 Ke7 29. b4 Be6 30. Be4 Rb8 31. c5 Bb3 32. Rd7+
Ke8 33. R1d4 Bc4+ 34. Ke1 a6 35. Ra7 Rxb4 36. Bd3 Rxa4 37. Bxc4 Ra1+ 38.
Rd1 Rxd1+ 39. Kxd1 Rf5 40. Rxa6 Rxc5 41. Ra4 Rg5 42. Bf1 Rf5 43. Ke2 g5 44.
g3 Rb5 45. gxf4 gxf4 46. Rxf4 Rb2+ 47. Kxe3 Rxh2 48. Bd3 Ke7 49. Be4 Rh6
50. Rg4 Kf8 51. Kd4 Rh1 52. Bxc6 h5 53. Rg5 h4 54. f4 Rd1+ 55. Ke3 Rd6 56.
Bf3 Re6+ 57. Kf2 Rh6 58. Rh5 Rxh5 59. Bxh5 Kg7 60. Kf3 Kh6 1-0

[Event "XLIV Capablanca Memorial Open"]
[Site "Havana CUB"]
[Date "2009.06.11"]
[Round "4"]
[White "Figueroa,J"]
[Black "Ubaldo Suarez,M"]
[Result "0-1"]
[WhiteElo "1780"]
[BlackElo "2093"]
[EventDate "2009.06.08"]

1. e4 c5 2. Nf3 Nc6 3. d4 cxd4 4. Nxd4 Nf6 5. Nc3 g6 6. Be2 Bg7 7. Nb3 O-O
8. O-O d6 9. Re1 Be6 10. Bf1 Rc8 11. Bg5 h6 12. Bh4 a6 13. a4 Ne5 14. Nd4
Bc4 15. Nde2 Qd7 16. f4 Neg4 17. Ng3 Bxf1 18. Nxf1 Qc6 19. Qf3 Qb6+ 20. Kh1
Qxb2 21. Ne2 h5 22. Rab1 Qxc2 23. h3 Nh6 24. e5 dxe5 25. fxe5 Nd7 26. Qxb7
Rb8 27. Rbc1 Qxc1 28. Qxb8 Qxe1 29. Qxf8+ Kxf8 30. Bxe1 Bxe5 31. Ne3 Nc5
32. a5 Nd3 33. Bd2 Ng8 34. Nc4 Bc7 35. Nc3 Nf6 36. Kg1 Ke8 37. Kf1 Kd7 38.
Na4 Kc6 39. Ke2 Nc5 40. Nab2 Nfe4 41. Bb4 Kb5 42. Be1 Nb3 43. Na3+ Kc6 44.
Nac4 Nec5 45. Kf3 Nb7 46. Bb4 e6 47. g4 Nd4+ 48. Ke4 Nc2 49. Bc3 hxg4 50.
hxg4 f5+ 51. gxf5 Nc5+ 52. Kf3 gxf5 53. Ke2 Ne4 54. Be5 Bxe5 55. Nxe5+ Kd5
56. Nbd3 Nd4+ 0-1

[Event "XLIV Capablanca Memorial Open"]
[Site "Havana CUB"]
[Date "2009.06.11"]
[Round "4"]
[White "Diaz Ordonez,C"]
[Black "Perez,Je"]
[Result "1-0"]
[WhiteElo "2347"]
[BlackElo "2080"]
[EventDate "2009.06.08"]

1. e4 e5 2. Nf3 Nc6 3. Bb5 f5 4. d3 fxe4 5. dxe4 Nf6 6. O-O Bc5 7. Qe2 Qe7
8. Qc4 Nd8 9. Ba4 c6 10. Qe2 O-O 11. Bb3+ Kh8 12. c3 d6 13. h3 Nh5 14. Bg5
Qe8 15. Qd3 Nf4 16. Bxf4 Rxf4 17. Nbd2 a5 18. Rad1 a4 19. Bc2 Rf6 20. Nc4
Nf7 21. b4 axb3 22. axb3 b5 23. Ncd2 Be6 24. b4 Bb6 25. Ra1 Rb8 26. Bb3 Bd7
27. c4 Qc8 28. c5 dxc5 29. Bxf7 Rxf7 30. Nxe5 Re7 31. Ndf3 cxb4 32. Rfd1
Be8 33. Qd6 Qc7 34. Qxb4 c5 35. Qb2 c4 36. Rac1 Ba5 37. Rd5 c3 38. Qa3 Rd8
39. Nd3 Bc6 40. Rc5 Rxe4 41. Nfe5 b4 42. Qxa5 Qxa5 43. Rxa5 Be8 44. Ra7 Rb8
45. Re7 Kg8 46. f3 Re2 47. Rc7 Ba4 48. Kf1 Rd2 49. Nxb4 h6 50. Nbd3 c2 51.
Kg1 Rb1 52. Kh2 Rd1 53. R1xc2 Bxc2 54. Rxc2 Rb5 55. h4 h5 56. g4 hxg4 57.
fxg4 Rbb1 58. h5 Rh1+ 59. Kg3 Rb8 60. Kf4 Rf1+ 61. Kg5 Rf6 62. Ng6 Rb5+ 63.
Kh4 Rb8 64. Nde5 Re6 65. Rc7 Rbe8 66. Nc6 Kh7 67. Nce7 Rf6 68. Nf5 Rg8 69.
Kg5 Re6 70. Nge7 Re8 71. Nd5 Rg8 72. Nf4 Rf6 73. h6 1-0

[Event "XLIV Capablanca Memorial Open"]
[Site "Havana CUB"]
[Date "2009.06.11"]
[Round "4"]
[White "Corrales Jimenez,Z"]
[Black "Estrada Nieto,J"]
[Result "1/2-1/2"]
[WhiteElo "2143"]
[BlackElo "2344"]
[EventDate "2009.06.08"]

1. e4 e5 2. Nf3 Nc6 3. d4 exd4 4. Nxd4 Bb4+ 5. c3 Bc5 6. Be3 Bb6 7. Nc2
Bxe3 8. Nxe3 Nf6 9. f3 O-O 10. c4 d6 11. Nc3 Nd7 12. Qd2 Nc5 13. g3 f5 14.
exf5 Bxf5 15. Nxf5 Rxf5 16. f4 Qe7+ 17. Be2 Re8 18. O-O-O Rff8 19. Bf3 Nb4
20. Nd5 Nxd5 21. Bxd5+ Kh8 22. Qc2 a5 23. Rhf1 a4 24. g4 a3 25. b4 Na6 26.
Qd2 c5 27. bxc5 Nxc5 28. g5 Qc7 29. Kb1 Qb6+ 30. Ka1 Nd3 31. Qc3 Nxf4 32.
Qxa3 Nxd5 33. Rxf8+ Rxf8 34. cxd5 Kg8 35. Qc3 Qd8 36. h4 Qd7 37. Re1 Re8
38. Rxe8+ Qxe8 39. Qd4 Qe2 40. Kb1 Kf7 41. Qf4+ Ke7 42. Qf5 Qe1+ 43. Kb2
Qe2+ 44. Kb3 Qe3+ 45. Kc2 Qe2+ 46. Kb1 Qd1+ 47. Kb2 Qe2+ 48. Kb1 g6 49.
Qf6+ Kd7 50. Qf7+ Qe7 51. Qxe7+ Kxe7 52. Kc2 Kd7 53. Kc3 Kc7 54. Kc4 Kb6
55. Kb4 Ka6 56. Ka4 b6 57. Kb4 b5 58. a4 bxa4 59. Kxa4 Kb6 60. Kb4 Ka6 61.
Ka4 Kb6 62. Kb4 Ka6 1/2-1/2

[Event "XLIV Capablanca Memorial Open"]
[Site "Havana CUB"]
[Date "2009.06.11"]
[Round "4"]
[White "Fleitas,W"]
[Black "Fernandez,Alex"]
[Result "0-1"]
[WhiteElo "2067"]
[BlackElo "2399"]
[EventDate "2009.06.08"]

1. e4 c5 2. b3 Nc6 3. Bb2 e6 4. Bb5 Nge7 5. Ne2 Na5 6. d4 Qb6 7. a4 Ng6 8.
Nd2 a6 9. Bd3 cxd4 10. Bxd4 Bc5 11. Nc4 Nxc4 12. Bxc4 O-O 13. a5 Qc7 14.
O-O Ne5 15. Ng3 Nxc4 16. bxc4 d6 17. Qd2 Bxd4 18. Qxd4 e5 19. Qb6 Qxb6 20.
axb6 Be6 21. Rfd1 Rfd8 22. Nf5 Bxf5 23. exf5 Rac8 24. Ra5 Kf8 25. f4 exf4
26. Rad5 Rxc4 27. R1d4 Rxd4 28. Rxd4 Rc8 29. Rxd6 Ke7 30. Rd4 Rxc2 31. Re4+
Kf6 0-1